Statistics for Countries with Mediterranean Climates

Click here to take the quiz!

General Stats

  • This quiz has been taken 122 times
  • The average score is 14 of 21

Answer Stats

Country% Correct
Italy
97%
Spain
96%
France
92%
Greece
91%
Turkey
89%
Portugal
88%
Israel
86%
Morocco
81%
Lebanon
80%
Tunisia
80%
Algeria
79%
Malta
71%
Syria
70%
United States of America
67%
Australia
65%
Chile
61%
South Africa
53%
Canada
36%
Iraq
26%
Uzbekistan
13%
Tajikistan
6%

Score Distribution

Percentile by Number Answered

Percent of People with Each Score

Your Score History

You have not taken this quiz